|
|
|
|
| LEADER |
00000nam a22000007a 4500 |
| 005 |
20180501233935.0 |
| 007 |
cr|||| |||| |
| 008 |
180501s2018 es |||||s|||| 00||0 spa d |
| 020 |
|
|
|a 978-84-7351-610-5
|
| 035 |
|
|
|a 21558
|
| 040 |
|
|
|a vLex
|
| 090 |
|
|
|c 7875
|d 7875
|
| 100 |
1 |
|
|a Cicuňdez Santamara̕, Ruth
|
| 245 |
1 |
2 |
|a El gasto pb︢lico y los impuestos desde la perspectiva del ciudadano
|h [Recurso electrn̤ico] :
|b Anl̀isis de las actitudes y preferencias de los espaǫles /
|c Ruth Cicuňdez Santamara̕
|
| 256 |
|
|
|a Servicio en ln̕ea
|
| 260 |
|
|
|a Madrid:
|b Instituto Nacional de Administracin̤ Pb︢lica (INAP),
|c 2018
|
| 300 |
|
|
|a 1 recurso electrn̤ico
|
| 500 |
|
|
|a Este libro trata de las preferencias de los espaǫles sobre el gasto pb︢lico y los impuestos, en otras palabras, aborda el complejo tema de las actitudes de la ciudadana̕ hacia la actividad financiera pb︢lica. La relacin̤ entre los ciudadanos y el Estado ha sido, y es, objeto de interš tanto para los cientf̕icos sociales como para los representantes polt̕icos, pues todava̕ no se ha logrado desentraąr completamente la naturaleza de esa relacin̤ que presenta ml︢tiples dimensiones y facetas, una de las cuales es la interaccin̤ que establecen los individuos con el Estado como contribuyentes que financian lo pb︢lico y como destinatarios de los resultados de los programas de gasto. Representa, por tanto, la conciliacin̤ entre el interš individual y el interš colectivo.
|
| 506 |
1 |
|
|a Disponible solo en los productos indicados
|d vLex Global
|d vLex Global (Academic Edition, excluding Law Schools)
|d vLex Global (U.S. Academic Edition, Law Schools)
|d vLex Global (U.S. Academic Edition, excluding Law Schools)
|d vLex Global (Academic Edition, Law Schools)
|
| 650 |
0 |
4 |
|a Derecho Pb︢lico y Administrativo
|z Espaą
|
| 740 |
0 |
|
|a vLex Libros (Servicio en ln̕ea)
|
| 856 |
4 |
0 |
|u http://vlex.com/source/gasto-publico-y-los-impuestos-desde-la-perspectiva-del-ciudadano-analisis-de-las-actitudes-y-preferencias-de-los-espa-oles-21558
|z Acceso restringido
|
| 942 |
|
|
|c BOOK
|
| 999 |
0 |
|
|a Public and Administrative Law
|